000 00201 a2200097 4500
001 52525
100 _aJoseph M
245 _aGemini Girls
260 _aLondon
_bArrow Books
_c
090 _c33012
_d33012
942 _aNUST-CAE
_cM
_c25573
999 _c287598
_d287598